[Event "Antioquia Region-ch U1800"]
[Site "Medellin"]
[Date "2009.09.??"]
[Round "2.9"]
[White "Escobar, Jesus"]
[Black "Bejarano, Saul"]
[Result "1-0"]
[WhiteElo "1777"]
[BlackElo "1632"]
[PlyCount "56"]
[EventDate "2009.09.08"]
[EventType "tourn"]
[EventRounds "7"]
[EventCountry "COL"]
[SourceTitle "EXT 2024"]
[Source "ChessBase"]
[SourceDate "2023.10.10"]
[SourceVersion "1"]
[SourceVersionDate "2023.10.10"]
[SourceQuality "1"]

1. d4 e6 2. Nf3 d5 3. e3 Nf6 4. b3 Be7 5. Bb2 0-0 6. Be2 c5 7. c4 cxd4 8. Nxd4 Bb4+ 9. Nd2 Ne4 10. N4f3 dxc4 11. Bxc4 b6 12. a3 Bxd2+ 13. Nxd2 Qxd2+ 14. Qxd2 Nxd2 15. Kxd2 Ba6 16. Bxa6 Nxa6 17. b4 Rfd8+ 18. Ke2 Nc7 19. Rac1 Rd7 20. Rc2 Rad8 21. Rhc1 Nd5 22. g3 b5 23. Bd4 f6 24. Rc8 e5 25. Rxd8+ Rxd8 26. Bc5 e4 27. f3 Rc8 28. Rc2 Rf8 1-0